From semicoordination to metal-involving halogen bonding in adducts of square planar dithiocarbamates with sym-triiodotrifluorobenzene; Химия и химическая технология в XXI веке; Т. 2

Dades bibliogràfiques
Parent link:Химия и химическая технология в XXI веке: материалы XXII Международной научно-практической конференции студентов и молодых ученых имени выдающихся химиков Л. П. Кулёва и Н. М. Кижнера, посвященной 125-летию со дня основания Томского политехнического университета, Томск, 17-20 мая 2021 г./ Национальный исследовательский Томский политехнический университет (ТПУ) ; Инженерная школа природных ресурсов ; Исследовательская школа химических и биомедицинских технологий.— , 2021
Т. 2.— 2021.— [С. 411-412]
Autor principal: Ivanov D. M. Daniil Mikhaylovich
Autor corporatiu: Национальный исследовательский Томский политехнический университет Исследовательская школа химических и биомедицинских технологий Международная научно-исследовательская лаборатория "Невалентные взаимодействия в химии материалов"
Sumari:Заглавие с титульного экрана
Idioma:anglès
Publicat: 2021
Col·lecció:Non-covalent interactions in crystalo-chemical design and supramolecular chemistry
Matèries:
Accés en línia:http://earchive.tpu.ru/handle/11683/67666
Format: MixedMaterials Electrònic Capítol de llibre
KOHA link:https://koha.lib.tpu.ru/cgi-bin/koha/opac-detail.pl?biblionumber=633027

MARC

LEADER 00000naa2a2200000 4500
001 633027
005 20231101133736.0
035 |a (RuTPU)RU\TPU\conf\34749 
035 |a RU\TPU\conf\34743 
090 |a 633027 
100 |a 20210610d2021 k y0rusy50 ba 
101 0 |a eng 
102 |a RU 
105 |a y z 101zy 
135 |a drcn ---uucaa 
181 0 |a i  
182 0 |a b 
200 1 |a From semicoordination to metal-involving halogen bonding in adducts of square planar dithiocarbamates with sym-triiodotrifluorobenzene  |f D. M. Ivanov 
203 |a Текст  |c электронный 
225 1 |a Non-covalent interactions in crystalo-chemical design and supramolecular chemistry 
230 |a 1 компьютерный файл (pdf; 1 784 Kb) 
300 |a Заглавие с титульного экрана 
320 |a [Библиогр.: с. 412 (8 назв.)] 
461 1 |0 (RuTPU)RU\TPU\conf\34506  |t Химия и химическая технология в XXI веке  |o материалы XXII Международной научно-практической конференции студентов и молодых ученых имени выдающихся химиков Л. П. Кулёва и Н. М. Кижнера, посвященной 125-летию со дня основания Томского политехнического университета, Томск, 17-20 мая 2021 г.  |o в 2 т.  |f Национальный исследовательский Томский политехнический университет (ТПУ) ; Инженерная школа природных ресурсов ; Исследовательская школа химических и биомедицинских технологий  |d 2021 
463 1 |0 (RuTPU)RU\TPU\conf\34508  |t Т. 2  |v [С. 411-412]  |d 2021 
610 1 |a труды учёных ТПУ 
610 1 |a электронный ресурс 
610 1 |a галогены 
610 1 |a металлы 
610 1 |a водородные связи 
610 1 |a нуклеофильность 
700 1 |a Ivanov  |b D. M.  |c Chemist  |c Senior researcher of Tomsk Polytechnic University, Candidate of chemical sciences  |f 1992-  |g Daniil Mikhaylovich  |2 stltpush  |3 (RuTPU)RU\TPU\pers\47038 
712 0 2 |a Национальный исследовательский Томский политехнический университет  |b Исследовательская школа химических и биомедицинских технологий  |b Международная научно-исследовательская лаборатория "Невалентные взаимодействия в химии материалов"  |h 8903  |2 stltpush  |3 (RuTPU)RU\TPU\col\27854 
801 2 |a RU  |b 63413507  |c 20211216  |g RCR 
856 4 |u http://earchive.tpu.ru/handle/11683/67666 
942 |c BK